000 00757nam a2200205Ia 4500
003 GCL
008 140319s9999 xx 000 0 ara d
040 _aGCL /
_cGCL
082 0 4 _a811.5
_bط غ
100 1 _aالصفدى ,صلاح الدين ابوالصفا خل
245 1 0 _aالغيث المسجم فى شرح لامية العجم /
_cالصفدى ,صلاح الدين ابوالصفا خل
700 1 _aالطغرائى, مؤيد الدين ابو اسماع
260 _a[S.N] :
_bدار الكتب العلمية ،
_c1990
300 _aمتعدد
490 _a
650 0 4 _aدواوين وقصائد
650 0 4 _aلامية المسجم
650 0 4 _aالشعر العربى - العصر العباسى الاول
942 _2ddc
_cBK
999 _c37498
_d37498